[Event "Thessaloniki-Chalkidiki-chT"]
[Site "Thessaloniki"]
[Date "2022.03.20"]
[Round "5"]
[White "Chalatziouka, Eleni"]
[Black "Mavridou, Maria"]
[Result "1-0"]
[WhiteElo "1209"]
[BlackElo "1246"]
[PlyCount "135"]
[EventDate "2022.02.20"]
[EventType "team-tourn"]
[EventRounds "7"]
[EventCountry "GRE"]
[SourceTitle "EXT 2024"]
[Source "ChessBase"]
[SourceDate "2023.10.10"]
[SourceVersion "1"]
[SourceVersionDate "2023.10.10"]
[SourceQuality "1"]

1. d4 d5 2. c4 e6 3. Nc3 Nf6 4. cxd5 exd5 5. Bg5 Bb4 6. e3 h6 7. Bh4 c6 8. Bd3 Be6 9. Nge2 Nbd7 10. 0-0 g5 11. Bg3 Nh5 12. Qb3 Nxg3 13. Nxg3 Bxc3 14. bxc3 b5 15. Qc2 Nf6 16. Rfe1 Qe7 17. e4 0-0-0 18. a4 Qb7 19. axb5 cxb5 20. e5 Ne8 21. Reb1 a6 22. Ra5 Nc7 23. Ne2 Rhf8 24. Nc1 f6 25. exf6 Rxf6 26. Rb2 Bd7 27. Nb3 Re8 28. Ra1 Rfe6 29. Rbb1 Qb6 30. Nc5 R6e7 31. h3 Qf6 32. Qd2 g4 33. Nxd7 Kxd7 34. hxg4 Rf8 35. Bf5+ Kc6 36. Re1 Rfe8 37. Rxe7 Rxe7 38. Bc8 Kb6 39. Qa2 Ka7 40. Qa3 Re2 41. Bf5 h5 42. Rf1 hxg4 43. Bxg4 Re8 44. Bf3 Rh8 45. Re1 Qf4 46. Re5 Qh2+ 47. Kf1 Qh6 48. Rh5 Qf6 49. Rxh8 Qxh8 50. Qc5+ Kb8 51. Bxd5 Qh6 52. g3 Nxd5 53. Qxd5 Qc1+ 54. Kg2 Qxc3 55. g4 b4 56. g5 b3 57. g6 b2 58. g7 b1Q 59. g8Q+ Qc8 60. Qd6+ Kb7 61. Qf7+ Ka8 62. Qfd5+ Qbb7 63. Qxa6+ Kb8 64. Qdxb7+ Qxb7+ 65. Qxb7+ Kxb7 66. Kf3 Kc6 67. Ke4 Kd6 68. f4 1-0

[Event "Thessaloniki-Chalkidiki-chT B local"]
[Site "Thessaloniki"]
[Date "2019.01.20"]
[Round "2.5"]
[White "Mavridou, Maria"]
[Black "Nikolaidou, Maria"]
[Result "0-1"]
[WhiteElo "1272"]
[BlackElo "1259"]
[PlyCount "126"]
[EventDate "2019.01.13"]
[EventType "team-swiss"]
[EventRounds "9"]
[EventCountry "GRE"]
[SourceTitle "EXT 2020"]
[Source "ChessBase"]
[SourceDate "2019.10.17"]
[SourceVersion "1"]
[SourceVersionDate "2019.10.17"]
[SourceQuality "1"]

1. d4 Nf6 2. Bf4 d6 3. e3 g6 4. c3 Bg7 5. Bd3 Nbd7 6. Nf3 0-0 7. Nbd2 Re8 8. e4 e5 9. Bg5 h6 10. Bh4 d5 11. 0-0 g5 12. Bg3 dxe4 13. dxe5 exf3 14. exf6 fxg2 15. Re1 Rxe1+ 16. Qxe1 Nxf6 17. Qe3 Be6 18. f3 Nh5 19. Nc4 Nf4 20. Bxf4 gxf4 21. Qe4 f5 22. Qxe6+ Kh8 23. Bxf5 Qg5 24. Re1 Qf6 25. Qxf6 Bxf6 26. Kxg2 Rg8+ 27. Kf1 Rf8 28. Re6 Kg7 29. Be4 Kf7 30. Bd5 Rd8 31. Ne5+ Bxe5 32. Rxe5+ Kf6 33. Rh5 Kg6 34. Re5 Kf6 35. Re6+ Kg5 36. Bxb7 Rb8 37. Be4 Rxb2 38. Ra6 Rxh2 39. Ra5+ Kh4 40. Rxa7 Kg3 41. a4 Ra2 42. Rxc7 Rxa4 43. Rg7+ Kh4 44. Rg4+ Kh3 45. Rxf4 Ra1+ 46. Ke2 Kg3 47. Rf7 h5 48. Rg7+ Kf4 49. Rf7+ Kg3 50. Rd7 h4 51. Rd1 Rxd1 52. Kxd1 h3 53. c4 Kf4 54. c5 h2 55. c6 h1Q+ 56. Kd2 Qg1 57. Kd3 Qc5 58. Kd2 Ke5 59. Kd3 Qd4+ 60. Kc2 Qc4+ 61. Kd2 Kd4 62. Ke1 Ke3 63. Kd1 Qc3 0-1